000 00740nam a2200229Ia 4500
003 OSt
005 20230518153652.0
008 210423s1999 xx 000 0 und d
020 _a8170335275
040 _cAL
041 _aeng
082 _a361.3
_223
_bPATS
100 _aPATEL (Chhaya),Ed
_9108809
245 _aSocial work practice: religio-philosophical foundations essays in honour of prof. Indira patel
260 _aJaipur
_bRawat Publications
_c1999
300 _a371
_bHB
365 _b650
_cINR
650 _aSocial Problems & Services
_9108810
650 _aSocial Work
_9108811
906 _aessays ; foundations ; honour ; Indira ; patel ; practice: ; prof. ; religio-philosophical ; Social ; work
942 _2ddc
_cBK
999 _c172460
_d172460